| 000 | 01578nam a22003497i 4500 | ||
|---|---|---|---|
| 003 | DO-SdBNP | ||
| 005 | 20250402143003.0 | ||
| 007 | ta | ||
| 008 | 220815b2022 |||aco|| |||| 000 0 spa d | ||
| 020 | _a9789945629132 | ||
| 040 |
_aDO-SdBNP _bspa _cBNPHU _erda |
||
| 082 | 4 |
_a306.097293 _b V145c _222 |
|
| 100 | 1 |
_aValdez Albizu, Héctor, _d1947- _eautor _4aut. _912322 |
|
| 245 | 1 | 3 |
_aLa cultura en el Banco Central : _bdiscursos 2020-2022 / _cHéctor Valdez Albizu ; presentación y edición al cuidado, José Alcántara Almánzar ; ilustraciones, Alberto Bass |
| 264 | 1 |
_aSanto Domingo : _bBanco Central de la República Dominicana, _c2022. |
|
| 300 |
_a107 paginas _bilustraciones.,fotografias.,retratos; _c23 cm |
||
| 336 |
_atexto _btxt _2rdacontent |
||
| 337 |
_asin mediación _bn _2rdamedia |
||
| 338 |
_avolumen _bnc _2rdacarrier |
||
| 490 |
_aColección Banco Central de la República Dominicana. _v291 |
||
| 490 |
_a Serie Arte y Literatura. _v110 |
||
| 500 | _aIncluye datos biográficos del autor en las solapas | ||
| 505 | _aDiscursos 2020 -- Discursos 2021- Dis | ||
| 590 | _aInventariado, 2022 / SA | ||
| 650 | 4 |
_aCultura _zRepública Dominicana _xCongresos _xConferencias _y2020-2022 _982186 |
|
| 650 | 4 |
_aBanco Central de la República Dominicana _xArtes _y2020-2022 _zRepública Dominicana _982187 |
|
| 700 | 1 |
_aBass, Alberto, _eilustrador _4il. _926650 |
|
| 700 | 1 |
_aRosado, Reynol, _efotografo _982188 _4fot. |
|
| 830 |
_aColección Banco Central de la República Dominicana. _n291-110 _p Serie Arte y literatura. _987310 |
||
| 910 | _aSaquino | ||
| 942 |
_2ddc _cLBS1 |
||
| 999 |
_c52283 _d52283 |
||